00488 2200181 4500001002100000005001700021035002400038040001200062082001200074084001800086100001800104245008500122260003600207300003100243650000900274850001200283990001100295YOGYA00000000007597620160922141022.0 0010-081400000075693 aYOPDYOG a796.352 a796.352 NIC G aJack Nicklaus aGolf Instruksi Pedoman Peningkatan Teknik Lengkap Dengan Gambar /cJack Nicklaus aSemarang ;bDahara Prize,c1994 a259 hlm. :bilus. ;c21 cm aGolf aYOPDYOG a3880-P